Autocad 2009 và autocad lý thuyết 2009 cho người mới bắt đầu : Thực hành từng bước- ứng dụng vẽ các kiểu nhà mới nhất hiện nay
Nội dung sách bao gồm: làm việc với các của sổ đồ hoạ AutoCAD 2009, học các lệnh cơ bản để có một sự khởi đầu, thiết lạp một bản vẽ, đạt được những chiến lược vẽ, sử dụng các lớp để tổ chức các bản vẽ, kết hợp các đối tượn...
Bewaard in:
| Hoofdauteur: | |
|---|---|
| Formaat: | Boek |
| Taal: | Undetermined |
| Gepubliceerd in: |
Hà Nội
Hồng Đức
2008
|
| Onderwerpen: | |
| Tags: |
Voeg label toe
Geen labels, Wees de eerste die dit record labelt!
|
| Thư viện lưu trữ: | Trung tâm Học liệu Trường Đại học Cần Thơ |
|---|
| LEADER | 01398nam a2200229Ia 4500 | ||
|---|---|---|---|
| 001 | CTU_150929 | ||
| 008 | 210402s9999 xx 000 0 und d | ||
| 020 | |c 59000 | ||
| 082 | |a 620.00420285 | ||
| 082 | |b L312/T.1 | ||
| 100 | |a Trần, Nguyễn Hoài Linh | ||
| 245 | 0 | |a Autocad 2009 và autocad lý thuyết 2009 cho người mới bắt đầu : | |
| 245 | 0 | |b Thực hành từng bước- ứng dụng vẽ các kiểu nhà mới nhất hiện nay | |
| 245 | 0 | |c Trần Nguyễn Hoài Linh; Nhóm tin học thực dụng | |
| 260 | |a Hà Nội | ||
| 260 | |b Hồng Đức | ||
| 260 | |c 2008 | ||
| 520 | |a Nội dung sách bao gồm: làm việc với các của sổ đồ hoạ AutoCAD 2009, học các lệnh cơ bản để có một sự khởi đầu, thiết lạp một bản vẽ, đạt được những chiến lược vẽ, sử dụng các lớp để tổ chức các bản vẽ, kết hợp các đối tượng thành các khối và cuối cùng là điều khiển text trong một bản vẽ. | ||
| 650 | |a Autocad (Computer programs),Engineering drawing,Kỹ thuật vẽ | ||
| 650 | |x Computer programs,Chương trình máy tính | ||
| 904 | |i Trần Thị Kim Thi | ||
| 980 | |a Trung tâm Học liệu Trường Đại học Cần Thơ | ||